00311nam a2200121Ia 4500008004100000020002200041041000800063082002700071100001900098245003300117260003000150300000900180230411s9999 xx 000 0 und d a978-81-312-4334-3 aeng aCH/610.7343/GUP/B08385 aGupta Rajendra aHealth Care Reforms in India bElsevieraNew Delhic2016 a456p